Top 50 des prénoms garçons et filles années 1980 - Statistiques

Statistiques générales
  • Ce quiz a été pris 191 fois
  • Le résultat moyen est 49 sur 100
Statistiques - réponses
Prénom % Correct
Julie
87%
Jean
79%
Marie
79%
Julien
73%
Laure
73%
Nicolas
73%
Pierre
71%
Thomas
69%
Aurélie
68%
Emilie
67%
Stéphane
67%
Alexandre
66%
Antoine
65%
Céline
65%
David
63%
Nathalie
63%
Stéphanie
63%
Anne
62%
Elodie
62%
Pauline
62%
Sandrine
62%
Sébastien
62%
Vincent
62%
Laura
61%
Sophie
61%
Christophe
60%
Fabien
59%
François
59%
Jérémy
59%
Kévin
58%
Olivier
58%
Romain
57%
Audrey
55%
Caroline
55%
Damien
55%
Frédéric
55%
Jérôme
55%
Laurent
55%
Matthieu
55%
Isabelle
54%
Anthony
53%
Cécile
52%
Guillaume
52%
Marion
52%
Camille
51%
Maxime
50%
Mélanie
49%
Cédric
48%
Christelle
48%
Emmanuel
48%
Hélène
48%
Lucie
48%
Marine
48%
Mathieu
48%
Florian
46%
Charlotte
45%
Delphine
45%
Sabrina
45%
Virginie
45%
Benjamin
44%
Florent
44%
Sandra
44%
Amélie
43%
Arnaud
43%
Clément
43%
Alexandra
42%
Benoit
42%
Claire
42%
Ludovic
42%
Sarah
42%
Vanessa
42%
Xavier
42%
Yann
41%
Franck
40%
Jessica
39%
Laetitia
39%
Jonathan
38%
Severine
38%
Emmanuelle
36%
Amandine
35%
Aurélien
35%
Jennifer
33%
Grégory
32%
Magali
32%
Mickael
32%
Sylvain
32%
Adrien
31%
Cyril
30%
Yannick
30%
Anais
28%
Gaelle
27%
Fanny
24%
Michael
24%
Rémi
24%
Adeline
23%
Angélique
23%
Loïc
23%
Cindy
22%
Sonia
22%
Aurore
18%
Aucun quiz correspondant
Distribution des résultats
% des personnes avec chaque résultat
Percentile par nombre de réponses
Votre historique - résultats
Vous n’avez pas pris ce quiz